TAXATION PART- II, INDIRECT TAX (Record no. 5619)

MARC details
000 -LEADER
fixed length control field 00408nam a22001577a 4500
005 - DATE AND TIME OF LATEST TRANSACTION
control field 20171025093359.0
008 - FIXED-LENGTH DATA ELEMENTS--GENERAL INFORMATION
fixed length control field 171025b xxu||||| |||| 00| 0 eng d
020 ## - INTERNATIONAL STANDARD BOOK NUMBER
ISBN 978-81-8441-700-5
041 ## - LANGUAGE CODE
Language code of text/sound track or separate title eng
082 ## - DEWEY DECIMAL CLASSIFICATION NUMBER
Classification number 336.24
245 ## - TITLE STATEMENT
Title TAXATION PART- II, INDIRECT TAX
250 ## - EDITION STATEMENT
Edition statement REV ED. 2015
260 ## - PUBLICATION, DISTRIBUTION, ETC. (IMPRINT)
Place of publication NEW DELHI
Name of publisher THE INSTITUTE OF CHARTERED ACCOUNTANTS OF INDIA
300 ## - PHYSICAL DESCRIPTION
Number of Pages 7.19p.
942 ## - ADDED ENTRY ELEMENTS (KOHA)
Koha item type Books

No items available.